<?xml version="1.0" encoding="UTF-8"?>
<record
    xmlns:xsi="http://www.w3.org/2001/XMLSchema-instance"
    xsi:schemaLocation="http://www.loc.gov/MARC21/slim http://www.loc.gov/standards/marcxml/schema/MARC21slim.xsd"
    xmlns="http://www.loc.gov/MARC21/slim">

  <leader>01653nam a22001937a 4500</leader>
  <controlfield tag="003">IT-MiCISF</controlfield>
  <controlfield tag="005">20240302193159.0</controlfield>
  <controlfield tag="008">240302b        |||||||| |||| 00| 0 eng d</controlfield>
  <datafield tag="040" ind1=" " ind2=" ">
    <subfield code="c">IT-MiCISF</subfield>
  </datafield>
  <datafield tag="100" ind1=" " ind2=" ">
    <subfield code="a">Annichiarico Marco</subfield>
    <subfield code="9">60496</subfield>
  </datafield>
  <datafield tag="245" ind1=" " ind2=" ">
    <subfield code="a">I cura cari</subfield>
  </datafield>
  <datafield tag="260" ind1=" " ind2=" ">
    <subfield code="a">Torino,</subfield>
    <subfield code="b">Einaudi,</subfield>
    <subfield code="c">2022</subfield>
  </datafield>
  <datafield tag="300" ind1=" " ind2=" ">
    <subfield code="a">pp. 239</subfield>
  </datafield>
  <datafield tag="500" ind1=" " ind2=" ">
    <subfield code="a">anziani, malattie-mentali, rapporti-genitori-figli, rapporti-madre-figli, figli-adulti, esperienze</subfield>
  </datafield>
  <datafield tag="520" ind1=" " ind2=" ">
    <subfield code="a">La prima volta che non l'ha riconosciuto erano seduti l'uno accanto all'altra. Si &#xE8; girata verso di lui e gli ha chiesto chi fosse, con lo stesso tono che usa quando chiede una caramella. Da quel giorno Marco si &#xE8; trovato davanti una nuova madre, che va perdendo la memoria ma non l'ironia. E se l'amore &#xE8; sempre fatto di sfumature, gesti e persino omissioni, quello tra una madre affetta da Alzheimer e il figlio che si prende cura di lei pu&#xF2; essere un amore nuovo, spinoso, creativo e testardo come nessun altro. I cura cari &#xE8; un romanzo poetico, anzi un romanzo-pugno e un romanzo-carezza, capace di commuovere e di farci sorridere nello stesso rigo. Un libro innamorato, scritto da chi si &#xE8; trovato senza bussola e ha cercato una via per raccontare la sua storia, trasmettendo una forma rara di serenit&#xE0; e conciliazione con la vita. &#xAB;Da fuori sembra tutto normale: il cognome sulla porta, il campanello dorato, un vecchio portaombrelli e uno zerbino con la scritta Welcome. Dentro &#xE8; una realt&#xE0; parallela dove le cose smettono di essere cose. Con quelle cose animate, con quelle cose vive, lei ci parla&#xBB;.</subfield>
  </datafield>
  <datafield tag="650" ind1=" " ind2=" ">
    <subfield code="a">salute-cura</subfield>
  </datafield>
  <datafield tag="654" ind1=" " ind2=" ">
    <subfield code="a">testimonianza</subfield>
  </datafield>
  <datafield tag="942" ind1=" " ind2=" ">
    <subfield code="2">ddc</subfield>
    <subfield code="c">BK</subfield>
  </datafield>
  <datafield tag="999" ind1=" " ind2=" ">
    <subfield code="c">360000</subfield>
    <subfield code="d">360002</subfield>
  </datafield>
  <datafield tag="952" ind1=" " ind2=" ">
    <subfield code="0">0</subfield>
    <subfield code="1">0</subfield>
    <subfield code="2">ddc</subfield>
    <subfield code="4">0</subfield>
    <subfield code="6">A_2456_000000000000000</subfield>
    <subfield code="7">1</subfield>
    <subfield code="a">CISF</subfield>
    <subfield code="b">CISF</subfield>
    <subfield code="d">2024-03-02</subfield>
    <subfield code="l">0</subfield>
    <subfield code="o">A2456</subfield>
    <subfield code="r">2024-03-02 19:34:09</subfield>
    <subfield code="w">2024-03-02</subfield>
    <subfield code="y">BK</subfield>
  </datafield>
</record>
